[Event "Koblenz-ch"]
[Site "Koblenz"]
[Date "2002.12.12"]
[Round "7"]
[White "Haeussler, Ulrich"]
[Black "Melnikov, Valeri"]
[Result "1-0"]
[WhiteElo "1935"]
[BlackElo "2080"]
[PlyCount "45"]
[EventDate "2002.10.17"]
[EventType "swiss"]
[EventRounds "7"]
[EventCountry "GER"]
[SourceTitle "EXT 2005"]
[Source "ChessBase"]
[SourceDate "2004.11.15"]
[SourceVersion "1"]
[SourceVersionDate "2004.11.15"]
[SourceQuality "1"]

1. d4 d5 2. c4 c6 3. Nc3 Nf6 4. Nf3 dxc4 5. e3 b5 6. a4 b4 7. Na2 b3 8. Nc3 Ba6 9. Ne5 e6 10. Bxc4 Bxc4 11. Nxc4 Na6 12. Qxb3 Rb8 13. Qd1 Nd5 14. 0-0 h5 15. e4 Nxc3 16. bxc3 Qh4 17. Qf3 Qf6 18. Bf4 Rd8 19. e5 Qf5 20. Ne3 Qd3 21. Qxc6+ Ke7 22. Rfd1 Qe2 23. d5 1-0

[Event "Koblenz-ch"]
[Site "Koblenz"]
[Date "2002.11.14"]
[Round "4"]
[White "Haeussler, Ulrich"]
[Black "Dranischnikov, Egor"]
[Result "0-1"]
[WhiteElo "1935"]
[BlackElo "2230"]
[PlyCount "76"]
[EventDate "2002.10.17"]
[EventType "swiss"]
[EventRounds "7"]
[EventCountry "GER"]
[SourceTitle "EXT 2005"]
[Source "ChessBase"]
[SourceDate "2004.11.15"]
[SourceVersion "1"]
[SourceVersionDate "2004.11.15"]
[SourceQuality "1"]

1. d4 Nf6 2. Nf3 e6 3. Bg5 d5 4. c4 c6 5. e3 Qa5+ 6. Nbd2 Ne4 7. Bf4 Nd7 8. Bd3 Be7 9. 0-0 Nxd2 10. Nxd2 0-0 11. e4 dxe4 12. Bxe4 Nf6 13. Bd3 Qd8 14. Nb3 b6 15. Qe2 Bb7 16. Rfd1 Qd7 17. Be5 Rfd8 18. Bc2 Qe8 19. Rd3 Nd7 20. Rh3 g6 21. Qe3 Qf8 22. Bf4 Bf6 23. Rd1 c5 24. Bh6 Bg7 25. Bg5 Rdc8 26. Qf4 cxd4 27. Qh4 h5 28. g4 Rxc4 29. Bd3 Qd6 30. gxh5 Ne5 31. Qf4 Qd5 32. f3 Nxf3+ 33. Kf2 Nxg5 34. Rg3 Ne4+ 35. Bxe4 Qxe4 36. Qd6 Qf5+ 37. Kg1 Qxh5 38. Rd2 Qd5 0-1

[Event "Koblenz-ch"]
[Site "Koblenz"]
[Date "2002.10.24"]
[Round "2"]
[White "Haeussler, Ulrich"]
[Black "Zhushi, Bajram"]
[Result "1-0"]
[WhiteElo "1935"]
[BlackElo "1728"]
[PlyCount "51"]
[EventDate "2002.10.17"]
[EventType "swiss"]
[EventRounds "7"]
[EventCountry "GER"]
[SourceTitle "EXT 2005"]
[Source "ChessBase"]
[SourceDate "2004.11.15"]
[SourceVersion "1"]
[SourceVersionDate "2004.11.15"]
[SourceQuality "1"]

1. d4 d5 2. c4 c6 3. Nc3 dxc4 4. a4 e6 5. e3 e5 6. Bxc4 exd4 7. exd4 Bb4 8. Nf3 Ne7 9. Qb3 Nd5 10. 0-0 Bxc3 11. bxc3 0-0 12. Re1 h6 13. Ba3 Re8 14. Rxe8+ Qxe8 15. Bxd5 cxd5 16. Qxd5 Qd7 17. Qc5 Qd8 18. Ne5 Nd7 19. Qd6 Qe8 20. Nf3 b6 21. Re1 Qd8 22. Re7 f6 23. Qd5+ Kh8 24. Qxa8 Qc7 25. Re8+ Kh7 26. Qe4+ 1-0

[Event "Koblenz-ch"]
[Site "Koblenz"]
[Date "2001.09.18"]
[Round "2"]
[White "Landsrath, Mario"]
[Black "Haeussler, Ulrich"]
[Result "0-1"]
[WhiteElo "1672"]
[BlackElo "1957"]
[PlyCount "36"]
[EventDate "2001.09.04"]
[EventType "swiss"]
[EventRounds "7"]
[EventCountry "GER"]
[SourceTitle "EXT 2005"]
[Source "ChessBase"]
[SourceDate "2004.11.15"]
[SourceVersion "1"]
[SourceVersionDate "2004.11.15"]
[SourceQuality "1"]

1. e4 e6 2. Nf3 d5 3. e5 c5 4. b4 cxb4 5. d4 Bd7 6. a3 Qa5 7. Bd2 Nc6 8. Bd3 Nge7 9. 0-0 Nf5 10. Be3 Be7 11. Qc1 Rc8 12. Qb2 Nxe3 13. fxe3 a6 14. c3 bxc3 15. Nxc3 Nxd4 16. Nxd4 Qxc3 17. Qf2 0-0 18. Bb1 Bg5 0-1

[Event "Koblenz-ch"]
[Site "Koblenz"]
[Date "2000.11.28"]
[Round "7"]
[White "Saam, Armin"]
[Black "Haeussler, Ulrich"]
[Result "1-0"]
[WhiteElo "1864"]
[BlackElo "1901"]
[PlyCount "87"]
[EventDate "2000.08.29"]
[EventType "swiss"]
[EventRounds "7"]
[EventCountry "GER"]
[SourceTitle "EXT 2005"]
[Source "ChessBase"]
[SourceDate "2004.11.15"]
[SourceVersion "1"]
[SourceVersionDate "2004.11.15"]
[SourceQuality "1"]

1. d4 d5 2. c4 e6 3. g3 Nf6 4. Bg2 b6 5. Nf3 Bb7 6. cxd5 exd5 7. 0-0 Bd6 8. Nc3 c6 9. Qc2 0-0 10. Nh4 Re8 11. Nf5 Bf8 12. Bg5 h6 13. Bf4 Na6 14. a3 Nc7 15. Rad1 Ne6 16. Bc1 Qc7 17. e4 dxe4 18. Nxe4 Nxe4 19. Bxe4 Rad8 20. Be3 Rd7 21. Rd2 Red8 22. Rfd1 Qc8 23. Nh4 Rc7 24. Bf5 Qd7 25. Bf4 Bd6 26. Be5 Qe8 27. Bxd6 Rxd6 28. Re1 Re7 29. Bh7+ Kf8 30. Nf5 Nxd4 31. Rxe7 Qxe7 32. Nxe7 Nf3+ 33. Kg2 Rxd2 34. Qe4 Ng5 35. Ng6+ fxg6 36. Qf4+ Ke7 37. Qxd2 c5+ 38. Kf1 Ba6+ 39. Kg2 Bb7+ 40. f3 Nxh7 41. Qf4 Ke6 42. Qc7 Bd5 43. Qxg7 Ng5 44. Qxg6+ 1-0

[Event "Koblenz-ch"]
[Site "Koblenz"]
[Date "2000.10.31"]
[Round "5"]
[White "Raschke, Jochen"]
[Black "Haeussler, Ulrich"]
[Result "1/2-1/2"]
[WhiteElo "1844"]
[BlackElo "1901"]
[PlyCount "46"]
[EventDate "2000.08.29"]
[EventType "swiss"]
[EventRounds "7"]
[EventCountry "GER"]
[SourceTitle "EXT 2005"]
[Source "ChessBase"]
[SourceDate "2004.11.15"]
[SourceVersion "1"]
[SourceVersionDate "2004.11.15"]
[SourceQuality "1"]

1. d4 d5 2. Nf3 Nf6 3. c4 e6 4. e3 Nbd7 5. Nc3 b6 6. Bd3 Bb7 7. b3 Ne4 8. Bd2 Nxd2 9. Qxd2 Nf6 10. cxd5 exd5 11. 0-0 Bd6 12. Qc2 c6 13. Rad1 0-0 14. e4 dxe4 15. Nxe4 h6 16. Ne5 Rc8 17. Nxf6+ Qxf6 18. Nd7 Bxh2+ 19. Kxh2 Qd6+ 20. Ne5 f6 21. f4 fxe5 22. dxe5 Qe7 23. Qf2 Rcd8 1/2-1/2

[Event "Koblenz-ch"]
[Site "Koblenz"]
[Date "1998.11.03"]
[Round "4"]
[White "Haeussler, Ulrich"]
[Black "Schnur, Edmund"]
[Result "0-1"]
[WhiteElo "1870"]
[BlackElo "2005"]
[PlyCount "60"]
[EventDate "1998.09.22"]
[EventType "swiss"]
[EventRounds "7"]
[EventCountry "GER"]
[SourceTitle "EXT 2005"]
[Source "ChessBase"]
[SourceDate "2004.11.15"]
[SourceVersion "1"]
[SourceVersionDate "2004.11.15"]
[SourceQuality "1"]

1. d4 Nf6 2. Nf3 e6 3. Bg5 Be7 4. c4 h6 5. Bh4 c5 6. e3 Nc6 7. Be2 g5 8. Bg3 Qb6 9. Qb3 cxd4 10. Qxb6 axb6 11. Nxd4 Nxd4 12. exd4 Ne4 13. Bc7 Bb4+ 14. Kf1 d6 15. f3 Nf6 16. Nc3 Bxc3 17. bxc3 Kd7 18. Bxb6 Kc6 19. c5 Nd5 20. c4 Nxb6 21. cxb6 Kxb6 22. Kf2 Kc7 23. Rhc1 Bd7 24. c5 d5 25. Rc3 Ra4 26. Ke3 Rha8 27. a3 e5 28. Rb3 Rxd4 29. Rd3 Rxd3+ 30. Bxd3 Ra5 0-1

[Event "Koblenz-ch"]
[Site "Koblenz"]
[Date "1998.10.06"]
[Round "2"]
[White "Haeussler, Ulrich"]
[Black "Pellmann, Michael"]
[Result "1-0"]
[WhiteElo "1870"]
[BlackElo "1344"]
[PlyCount "53"]
[EventDate "1998.09.22"]
[EventType "swiss"]
[EventRounds "7"]
[EventCountry "GER"]
[SourceTitle "EXT 2005"]
[Source "ChessBase"]
[SourceDate "2004.11.15"]
[SourceVersion "1"]
[SourceVersionDate "2004.11.15"]
[SourceQuality "1"]

1. d4 d5 2. c4 dxc4 3. Nf3 Nf6 4. Nc3 g6 5. e4 b5 6. e5 Nd5 7. Nxb5 c6 8. Nc3 Ba6 9. Qa4 Nxc3 10. bxc3 Bb5 11. Qc2 Qd5 12. a4 Ba6 13. Be2 Bg7 14. 0-0 0-0 15. Ba3 Nd7 16. Bxe7 Rfe8 17. Ba3 Rac8 18. Nd2 c5 19. Bf3 Qe6 20. Rfe1 cxd4 21. cxd4 h5 22. Ne4 Red8 23. Rad1 Nb6 24. Nc5 Qe8 25. Nxa6 Nd5 26. Bd6 Qd7 27. Bxd5 1-0

[Event "Koblenz-ch"]
[Site "Koblenz"]
[Date "1997.11.18"]
[Round "7"]
[White "Haeussler, Ulrich"]
[Black "Ries, Werner"]
[Result "1-0"]
[WhiteElo "1830"]
[BlackElo "1730"]
[PlyCount "45"]
[EventDate "1997.09.16"]
[EventType "swiss"]
[EventRounds "7"]
[EventCountry "GER"]
[SourceTitle "EXT 2005"]
[Source "ChessBase"]
[SourceDate "2004.11.15"]
[SourceVersion "1"]
[SourceVersionDate "2004.11.15"]
[SourceQuality "1"]

1. d4 d5 2. c4 e6 3. Nc3 c5 4. cxd5 cxd4 5. Qxd4 Nc6 6. Qd1 exd5 7. Nxd5 Qa5+ 8. Nc3 Be6 9. Bd2 Rd8 10. Qa4 Qxa4 11. Nxa4 Nd4 12. Rc1 Bxa2 13. e3 Nb3 14. Bb5+ Ke7 15. Rc7+ Kf6 16. Bc3+ Kg6 17. Nf3 f6 18. Rxb7 Nc5 19. Rxa7 Nxa4 20. Bxa4 Bc4 21. Nd4 Bd3 22. Ne6 Rc8 23. Nf4+ 1-0

[Event "Koblenz-ch"]
[Site "Koblenz"]
[Date "1997.10.14"]
[Round "4"]
[White "Stahl, Michael"]
[Black "Haeussler, Ulrich"]
[Result "1-0"]
[WhiteElo "2016"]
[BlackElo "1830"]
[PlyCount "101"]
[EventDate "1997.09.16"]
[EventType "swiss"]
[EventRounds "7"]
[EventCountry "GER"]
[SourceTitle "EXT 2005"]
[Source "ChessBase"]
[SourceDate "2004.11.15"]
[SourceVersion "1"]
[SourceVersionDate "2004.11.15"]
[SourceQuality "1"]

1. e4 e6 2. d4 d5 3. Nd2 c5 4. Ngf3 Nc6 5. exd5 Qxd5 6. Bc4 Qh5 7. 0-0 cxd4 8. Nb3 Nf6 9. Nbxd4 Bd7 10. Nb5 0-0-0 11. Bf4 Be8 12. Nfd4 Bc5 13. Be2 Qg6 14. Bd3 Qg4 15. Qxg4 Nxg4 16. Nb3 Be7 17. Rad1 a6 18. Nc3 g5 19. Be2 Nge5 20. Be3 f5 21. Rxd8+ Bxd8 22. Nd4 Bf7 23. Rd1 Bf6 24. Kf1 Rd8 25. Nxc6 Rxd1+ 26. Nxd1 Nxc6 27. Bb6 Kd7 28. a3 Nd4 29. Bxd4 Bxd4 30. c3 Bb6 31. Ne3 Bxe3 32. fxe3 a5 33. Bc4 Kd6 34. b4 b6 35. Ke2 Bg6 36. Bd3 Kd5 37. g3 e5 38. Kd2 f4 39. c4+ Kd6 40. exf4 gxf4 41. gxf4 exf4 42. h4 Ke5 43. Bxg6 hxg6 44. Kd3 f3 45. Ke3 f2 46. Kxf2 Kd4 47. c5 bxc5 48. bxa5 Kd5 49. Ke2 Kc6 50. a4 c4 51. Kd2 1-0